| 000 | 01436nam0a2200373 4500 | ||
|---|---|---|---|
| 001 | RU\NLR\BIBL_A\012303601 | ||
| 005 | 20200825115618.0 | ||
| 010 |
_a978-5-4484-1712-2 _92000 |
||
| 021 |
_aRU _bКН-П-20-017482 _9КН-П-20-1368 |
||
| 035 | _a(NLR Aleph) 012303601 | ||
| 035 | _a(RuMoRGB)010310799 | ||
| 090 |
_a11333124 _c11333125 |
||
| 100 | _a20200729d2020 u y0rusy50 ca | ||
| 101 | 0 | _arus | |
| 102 | _aRU | ||
| 105 | _a |||zzzz010zy | ||
| 181 | 0 |
_ai _baxxe |
|
| 182 | 0 | _an | |
| 200 | 1 |
_a1418 дней _eрассказы о битвах и героях Великой Отечественной войны, 1941-1945 _fА. В. Митяев |
|
| 203 |
_aТекст _bвизуальный _cнепосредственный |
||
| 210 |
_aМосква _cВече _d2020 |
||
| 215 |
_a526, [1] с., [16] л. цв. ил. _cил., факс. _d24 |
||
| 300 | _aНа 4-й с. обл.: 75 Победа! 1945-2020 | ||
| 333 | _a12+ | ||
| 517 | 1 | _aТысяча четыреста восемнадцать дней | |
| 606 | 1 |
_aВеликая Отечественная война _z1941 - 1945 _9903571 _3RU\NLR\AUTH\668893 |
|
| 686 | _aЦ35(2)722 | ||
| 686 | 1 | _aТ3(2)722,02 | |
| 700 | 1 |
_7ca _8rus _aМитяев _bА. В. _f1924-2008 _gАнатолий Васильевич _929654 _3RU\NLR\AUTH\7746719 |
|
| 942 | _cBOOK | ||
| 980 | _aNBR | ||
| 980 | _aNB | ||